000 00323nam a2200133Ia 4500
005 20251222155049.0
008 251222s9999||||xx |||||||||||||| ||spa||
082 _aINV.46
100 _aA.DAY Robert.
245 0 _aCómo escribir y publicar trabajos científicos
250 _a1ra. ed.
264 _bOPS/OMS
942 _cLIB
999 _c37198
_d37198